000
00334nam a2200169Ia 4500
100
_a
Casteel/Joan
650
_a
Oracle
942
_c
BK
366
_f
20
654
_a
oracle
245
_a
Oracle 10g SQL
260
_b
Thomsan Learning
_c
2007
082
_a
005.133/CAS
_b
CAS
300
_a
617
546
_a
ENGLISH
999
_c
25319
_d
25319